Perfumes litúrgicos (Registro nro. 83704)
[ vista simple ]
| 000 -CABECERA | |
|---|---|
| Longitud fija campo de control | 00603nam a22001817a 4500 |
| 008 - DATOS DE LONGITUD FIJA--INFORMACIÓN GENERAL | |
| Códigos de información de longitud fija | 260320s1945 mx |||g |||| 001 0 spa d |
| 040 ## - FUENTE DE LA CATALOGACIÓN | |
| Centro catalogador de origen | EC-QuCCB |
| 082 ## - | |
| Número de clasificación | 242.3 |
| Número de documento | T813 |
| 100 1# - ENTRADA PRINCIPAL--NOMBRE DE PERSONA | |
| Nombre de persona | Treviño, José Guadalupe, |
| Fechas asociadas con el nombre | 1889- |
| 9 (RLIN) | 44430 |
| 245 10 - MENCIÓN DE TÍTULO | |
| Título | Perfumes litúrgicos |
| Mención de responsabilidad, etc. | J. G. Treviño |
| 260 ## - PUBLICACIÓN, DISTRIBUCIÓN, ETC. (PIE DE IMPRENTA) | |
| Lugar de publicación, distribución, etc. | México, D. F. : |
| Nombre del editor, distribuidor, etc. | Imp. Aldina, Robredo y Rosell, |
| Fecha de publicación, distribución, etc. | 1945 |
| 300 ## - DESCRIPCIÓN FÍSICA | |
| Extensión | 349 páginas ; |
| Dimensiones | 20 cm |
| 505 1# - NOTA DE CONTENIDO CON FORMATO | |
| Nota de contenido con formato | Adviento -- Navidad -- Cuaresma -- Pascua -- Pentecostes -- Corpus Christi -- Tiempo después de pentecostes -- |
| 590 ## - NOTA LOCAL (RLIN) | |
| Nota local | jcc |
| 650 #4 - PUNTO DE ACCESO ADICIONAL DE MATERIA--TÉRMINO DE MATERIA | |
| Término de materia o nombre geográfico como elemento inicial | Liturgia |
| 942 ## - ELEMENTOS DE PUNTO DE ACCESO ADICIONAL (KOHA) | |
| Koha [por defecto] tipo de item | Monografía |
| Suprimido | Perdido | Fuente de clasificación o esquema | Estropeado | No se presta | Koha Colección | Localización (Biblioteca) | Localización actual | Localización en estanterías | Fecha adquisición | Fuente de adquisición | Préstamos totales | Clasificación completa | Fecha última consulta | Número de ejemplar | Fecha del precio de reemplazo | Nota sin despliegue público (lost item payment) | Tipo de item de Koha |
|---|---|---|---|---|---|---|---|---|---|---|---|---|---|---|---|---|---|
| Disponible | Dewey Decimal Classification | Sin daños | CIENCIAS SOCIALES | Biblioteca y Archivo de la CCE | Biblioteca y Archivo de la CCE | CIENCIAS SOCIALES | 20/03/2026 | Donación Sr. Zapata | 242.3 T813 | 20/03/2026 | Ej. 1 | 20/03/2026 | jcc | Monografía |























